| 000 | 00535nam a2200121Ia 4500 | ||
|---|---|---|---|
| 008 | 171212s9999 xx 000 0 und d | ||
| 020 | _a9780833082640 | ||
| 100 | _aLim, Nelson;Haddad, Abigail;Daugherty, Lindsay | ||
| 245 |
_cLim, Nelson;Haddad, Abigail;Daugherty, Lindsay _aImplementation of the DoD Diversity and Inclusion Strategic Plan _bA Framework for Change Through Accountability |
||
| 260 |
_bRAND Corporation _c2013 |
||
| 650 | _aManagement & Organizational Behavior | ||
| 856 | _uhttp://www.jstor.org/stable/10.7249/j.ctt5vjwsh | ||
| 999 |
_c352175 _d352175 |
||